[Event "Titled Tue 1st Jul Early"]
[Site "chess.com INT"]
[Date "2025.07.01"]
[Round "10"]
[White "Birkisson, Bjorn Holm"]
[Black "Mayta Aiza, Maveric"]
[Result "0-1"]
[WhiteTitle "CM"]
[BlackTitle "CM"]
[WhiteElo "2159"]
[BlackElo "2180"]
[WhiteFideId "2310600"]
[BlackFideId "3307336"]
[EventDate "2025.07.01"]

1. e4 c5 2. Nf3 e6 3. g3 d5 4. exd5 exd5 5. Bg2 Nf6 6. O-O Be7 7. d4 c4 8. b3
O-O 9. bxc4 dxc4 10. Ne5 Nc6 11. Nxc6 bxc6 12. Bxc6 Rb8 13. Ba3 Rxb1 14. Rxb1
Bxa3 15. c3 Bf5 16. Rb7 Nd5 17. Qf3 Be6 18. Rxa7 Be7 19. Rb1 Qd6 20. Ra6 Rd8 21.
Bb7 Qc7 22. Rc6 Qa5 23. Ra6 Qc7 24. Ra8 h6 25. Rxd8+ Qxd8 26. Rb5 Nc7 27. Re5
Bf6 28. Re1 Bd5 29. Bxd5 Nxd5 30. a4 Qa5 31. Re8+ Kh7 32. Qg4 Nxc3 33. Qc8 h5
34. Qxc4 Nd5 35. Qd3+ g6 36. Qf3 Kg7 37. Re2 Bxd4 38. Kg2 Bf6 39. Rc2 Qxa4 40.
Re2 Qc4 41. h4 Nc7 42. Re3 Ne6 43. Re4 Qd5 44. Qe3 Nc5 0-1

[Event "Titled Tue 1st Jul Early"]
[Site "chess.com INT"]
[Date "2025.07.01"]
[Round "10"]
[White "Khandhadia, Nivaan Rathin"]
[Black "Skarbarchuk, Tetyana"]
[Result "0-1"]
[WhiteTitle "CM"]
[WhiteElo "2112"]
[BlackElo "2096"]
[WhiteFideId "25753274"]
[BlackFideId "14184494"]
[EventDate "2025.07.01"]

1. d4 Nf6 2. c4 e6 3. Nf3 Bb4+ 4. Bd2 a5 5. a3 Bxd2+ 6. Qxd2 b6 7. Nc3 Bb7 8. e3
d5 9. b3 O-O 10. Be2 c5 11. cxd5 cxd4 12. Nxd4 Nxd5 13. Nxd5 Bxd5 14. O-O Qg5
15. Bf3 Nd7 16. Bxd5 Qxd5 17. Rfd1 Nc5 18. Qc2 Rac8 19. Rac1 Qb7 20. Nb5 Ne4 21.
Qd3 Nc5 22. Qb1 Qa6 23. Nd6 Rcd8 24. Nc4 Qb5 25. Rxd8 Rxd8 26. Rd1 Rf8 27. Nd2
h6 28. h3 Rd8 29. b4 axb4 30. axb4 Na6 31. Ne4 Rxd1+ 32. Qxd1 Qxb4 33. Ng3 Qe7
34. Qd3 Nc5 35. Qb5 Nd7 36. Ne4 Kh7 37. Qb1 f5 38. Nc3 Qc5 39. Na4 Qa5 0-1

[Event "Titled Tue 1st Jul Early"]
[Site "chess.com INT"]
[Date "2025.07.01"]
[Round "10"]
[White "Faryma, Matviy"]
[Black "Sarasketa Irastortza, Oier"]
[Result "1-0"]
[BlackTitle "CM"]
[WhiteElo "2230"]
[BlackElo "2140"]
[WhiteFideId "1961578"]
[BlackFideId "54728207"]
[EventDate "2025.07.01"]

1. b3 Nf6 2. Bb2 b6 3. c4 Bb7 4. Nf3 c5 5. g3 e6 6. Bg2 Be7 7. O-O O-O 8. Nc3 d5
9. cxd5 exd5 10. d4 Nbd7 11. Rc1 Rc8 12. e3 Re8 13. Qe2 Nf8 14. Rfd1 Ne6 15. Bh3
c4 16. Ne5 cxb3 17. axb3 Ra8 18. Nb5 Ng5 19. Bg2 Ba6 20. Ra1 Bxb5 21. Qxb5 Nge4
22. Rdc1 Nd6 23. Qd3 b5 24. Ra6 Rc8 25. Rca1 Qc7 26. Rxa7 Qc2 27. Qxc2 Rxc2 28.
Ba3 Bf8 29. Bxd6 Bxd6 30. Nxf7 Bb8 31. Rb7 Ng4 32. Ra8 Rc1+ 33. Bf1 Rcc8 34. Bh3
h5 35. Bxg4 hxg4 36. Kg2 Rf8 37. Ne5 Rc2 38. Nxg4 Bd6 39. Rxf8+ Kxf8 40. Rxb5 1-0

[Event "Titled Tue 1st Jul Early"]
[Site "chess.com INT"]
[Date "2025.07.01"]
[Round "10"]
[White "Murthy, Pappu"]
[Black "Li, Yilin"]
[Result "0-1"]
[BlackTitle "WFM"]
[WhiteElo "1836"]
[BlackElo "1922"]
[WhiteFideId "2013401"]
[BlackFideId "8610410"]
[EventDate "2025.07.01"]

1. e4 c5 2. d4 cxd4 3. c3 dxc3 4. Nxc3 d6 5. Bc4 e6 6. Nf3 Be7 7. Qe2 a6 8. O-O
b5 9. Bb3 Qb6 10. Rd1 Nf6 11. Be3 Qb7 12. Bg5 Nbd7 13. Rac1 h6 14. Bf4 b4 15.
Na4 Qxe4 16. Qd2 d5 17. Re1 Qh7 18. Ne5 Ne4 19. Qd4 Nxe5 20. Bxe5 O-O 21. Rc7
Bf6 22. f3 Bxe5 23. Qxe5 Nd2 24. Bc2 g6 25. b3 f6 26. Qg3 Rf7 27. Rxf7 Qxf7 28.
Bxg6 Qg7 29. h4 h5 30. Re2 Bd7 31. Rxd2 Be8 32. Rc2 Bxg6 33. Rc6 Re8 34. Kh2 e5 0-1

[Event "Titled Tue 1st Jul Early"]
[Site "chess.com INT"]
[Date "2025.07.01"]
[Round "10"]
[White "Sydoryka, Vladyslav"]
[Black "Dyulgerov, Volen"]
[Result "1-0"]
[WhiteTitle "FM"]
[BlackTitle "CM"]
[WhiteElo "2246"]
[BlackElo "2181"]
[WhiteFideId "14145928"]
[BlackFideId "2918978"]
[EventDate "2025.07.01"]

1. c4 b5 2. cxb5 a6 3. bxa6 Rxa6 4. Nf3 Bb7 5. Nc3 Nf6 6. e3 Ra5 7. d4 e6 8. Bd3
Rh5 9. e4 d5 10. exd5 Nxd5 11. O-O Bd6 12. h3 Qf6 13. Ne4 Qe7 14. Ng3 Rh6 15.
Bxh6 gxh6 16. Ne5 Rg8 17. Be4 Qh4 18. Qh5 Qf6 19. Rae1 Nd7 20. Qf3 Qg7 21. Nxd7
Kxd7 22. Nh5 Qg5 23. Qxf7+ Kc8 24. Qxe6+ Kb8 25. Qg4 Qd8 26. Qf3 Qg5 27. Ng3 h5
28. Qb3 Kc8 29. Bf5+ Kd8 30. Be4 Bxg3 31. fxg3 1-0

[Event "Titled Tue 1st Jul Early"]
[Site "chess.com INT"]
[Date "2025.07.01"]
[Round "10"]
[White "Galaktionov, Artem"]
[Black "Grandelius, Nils"]
[Result "0-1"]
[WhiteTitle "FM"]
[BlackTitle "GM"]
[WhiteElo "2360"]
[BlackElo "2642"]
[WhiteFideId "24175471"]
[BlackFideId "1710400"]
[EventDate "2025.07.01"]

1. d4 d5 2. c4 e6 3. Nf3 Nc6 4. Nc3 a6 5. cxd5 exd5 6. Bf4 Nf6 7. e3 Nh5 8. Bg5
Be7 9. Bxe7 Nxe7 10. Ne5 Nf6 11. Bd3 O-O 12. O-O Bf5 13. Bxf5 Nxf5 14. Qb3 Rb8
15. Rac1 c6 16. Na4 Ne4 17. Qd3 f6 18. Nf3 Nfd6 19. Ne1 Qa5 20. Nc5 Nxc5 21.
dxc5 Ne4 22. Qd4 Qxa2 23. Nd3 Qa5 24. f3 Nd2 25. Nf4 Nxf1 26. Rxf1 Rbe8 27. h4
Qc7 28. Rd1 Qe5 29. Kf2 Rf7 30. Rd3 Qxd4 31. exd4 Rfe7 32. h5 Kf7 33. Rb3 g5 34.
hxg6+ hxg6 35. g4 g5 36. Nh5 Re2+ 37. Kf1 Re1+ 38. Kf2 R8e2+ 39. Kg3 Re7 40. Kf2
R1e2+ 41. Kg3 Kg6 42. Rd3 f5 43. b4 f4+ 44. Nxf4+ gxf4+ 45. Kxf4 Rb2 46. Kg3
Rxb4 47. f4 Re4 48. f5+ Kg5 49. Rf3 Rxg4+ 50. Kh3 Rbxd4 51. f6 Rh4+ 52. Kg3
Rdg4+ 53. Kf2 Rf4 54. f7 Rxf3+ 55. Kxf3 Rf4+ 56. Ke3 Rxf7 57. Kd4 Re7 0-1

[Event "Titled Tue 1st Jul Early"]
[Site "chess.com INT"]
[Date "2025.07.01"]
[Round "10"]
[White "Lisenkov, Svyatoslav"]
[Black "Gelman, Alexander"]
[Result "0-1"]
[WhiteTitle "CM"]
[BlackTitle "IM"]
[WhiteElo "2283"]
[BlackElo "2403"]
[WhiteFideId "34264183"]
[BlackFideId "4118316"]
[EventDate "2025.07.01"]

1. e4 c5 2. Nf3 e6 3. Be2 Nc6 4. O-O Nf6 5. Nc3 d6 6. d3 Be7 7. h3 h6 8. a4 a6
9. Bf4 g5 10. Bg3 g4 11. hxg4 Nxg4 12. d4 cxd4 13. Nxd4 h5 14. Nxc6 bxc6 15.
Bxg4 hxg4 16. Qxg4 e5 17. Qf3 Be6 18. Qe3 f6 19. a5 Kf7 20. f4 Qg8 21. fxe5 dxe5
22. Bxe5 Qh7 23. Bxf6 Qh2+ 24. Kf2 Bxf6 25. Ke1 Qe5 26. Rd1 Kg7 27. Rd2 Bg5 28.
Qb6 Bxd2+ 29. Kxd2 Qg5+ 30. Ke1 Rad8 31. Nd5 cxd5 32. Qc7+ Rd7 33. Qc3+ d4 34.
Qc6 Qe3+ 35. Kd1 Bg4+ 36. Rf3 Rh1# 0-1

[Event "Titled Tue 1st Jul Early"]
[Site "chess.com INT"]
[Date "2025.07.01"]
[Round "10"]
[White "Burovic, Rijad"]
[Black "Lazaro Azcutia, Miguel"]
[Result "0-1"]
[WhiteTitle "IM"]
[BlackTitle "CM"]
[WhiteElo "2420"]
[BlackElo "2275"]
[WhiteFideId "14407701"]
[BlackFideId "54538254"]
[EventDate "2025.07.01"]

1. e4 c5 2. d3 Nc6 3. g3 e6 4. Bg2 d5 5. Nd2 Nf6 6. Ngf3 Be7 7. O-O b5 8. Re1
Bb7 9. c3 a5 10. e5 Nd7 11. h4 Qc7 12. Qe2 h6 13. Nf1 O-O-O 14. N1h2 Rdg8 15. d4
c4 16. b3 Nb6 17. Ng4 Kb8 18. Bd2 Ka8 19. Reb1 Ba6 20. Bf1 Rb8 21. Qe3 Rhc8 22.
Qf4 Bf8 23. Ne3 Rb7 24. a4 bxa4 25. bxc4 Nxc4 26. Nxc4 dxc4 27. Qe4 Rxb1 28.
Qxb1 a3 29. Bc1 Rb8 30. Qc2 Rb3 31. Nd2 a4 32. Bxc4 Bxc4 33. Nxc4 Na5 34. Nd2
Rxc3 35. Qxa4 Rxc1+ 36. Kg2 Rxa1 37. Nb3 Qc6+ 0-1

[Event "Titled Tue 1st Jul Early"]
[Site "chess.com INT"]
[Date "2025.07.01"]
[Round "10"]
[White "Caku, Kler"]
[Black "Kopczynski, Michal"]
[Result "0-1"]
[WhiteTitle "WFM"]
[BlackTitle "CM"]
[WhiteElo "2010"]
[BlackElo "2225"]
[WhiteFideId "4704703"]
[BlackFideId "1124200"]
[EventDate "2025.07.01"]

1. e4 b6 2. Nf3 Bb7 3. Nc3 e6 4. d4 Nf6 5. Bd3 d5 6. Bg5 Be7 7. Bxf6 Bxf6 8. e5
Be7 9. Ne2 c5 10. c3 Nc6 11. Bc2 Qc7 12. a3 O-O-O 13. b4 c4 14. a4 f6 15. Nf4
Qd7 16. Qe2 f5 17. h4 g6 18. a5 b5 19. Bd1 a6 20. Bc2 Rdg8 21. Nh3 h6 22. O-O-O
Qc7 23. Nf4 Qd7 24. h5 g5 25. Ng6 Rh7 26. g4 fxg4 27. Nh2 Nxb4 28. Nxe7+ Rxe7
29. cxb4 Rf7 30. Nxg4 Qe7 31. Qd2 Rh8 32. Nf6 Rhf8 33. Bg6 Rg7 34. Kc2 Bc6 35.
Kc3 Kb7 36. f4 g4 37. Nxg4 Be8 38. Bxe8 Rxg4 39. Bg6 Rgxf4 40. Rh3 Rf2 41. Qxh6
R2f3+ 42. Rxf3 Rxf3+ 43. Kc2 Qxb4 44. Qh7+ Kb8 45. Qg8+ Rf8 46. Qxe6 Rf2+ 47.
Rd2 Rxd2+ 48. Kc1 Qb2# 0-1

[Event "Titled Tue 1st Jul Early"]
[Site "chess.com INT"]
[Date "2025.07.01"]
[Round "10"]
[White "Ibrahimli, Murad"]
[Black "Jake Shanty"]
[Result "0-1"]
[WhiteTitle "IM"]
[BlackTitle "FM"]
[WhiteElo "2438"]
[BlackElo "2252"]
[WhiteFideId "13410229"]
[BlackFideId "33478066"]
[EventDate "2025.07.01"]

1. d4 d5 2. c4 dxc4 3. Nf3 Nf6 4. e3 e6 5. Bxc4 c5 6. O-O a6 7. Bb3 Nc6 8. Nc3
cxd4 9. exd4 Be7 10. Bc2 O-O 11. a3 h6 12. Re1 b5 13. Qd3 Bb7 14. Ne4 Re8 15.
Ng3 Qd5 16. Bb3 Qd7 17. Bxh6 gxh6 18. Rxe6 fxe6 19. Qg6+ Kh8 20. Bxe6 Qxe6 21.
Qxh6+ Kg8 22. Ng5 Qd5 23. Qg6+ Kf8 24. Qh6+ Kg8 25. Qg6+ Kf8 26. Nf5 Qxg2+ 27.
Kxg2 Ne5+ 28. Kg3 Nxg6 29. Ne6+ Kf7 30. Ng5+ Kg8 31. Rg1 Ne4+ 32. Nxe4 Bxe4 0-1

[Event "Titled Tue 1st Jul Early"]
[Site "chess.com INT"]
[Date "2025.07.01"]
[Round "10"]
[White "Atoyan, Alberto"]
[Black "Arslanov, Shamil"]
[Result "1-0"]
[WhiteTitle "CM"]
[BlackTitle "IM"]
[WhiteElo "2302"]
[BlackElo "2410"]
[WhiteFideId "13314831"]
[BlackFideId "4192826"]
[EventDate "2025.07.01"]

1. e4 d5 2. exd5 Qxd5 3. Nc3 Qa5 4. Nf3 Nf6 5. Bc4 Nc6 6. d3 Bg4 7. h3 Qh5 8.
Bb5 e6 9. Qe2 a6 10. Bxc6+ bxc6 11. Bf4 Rb8 12. O-O-O Qa5 13. hxg4 Rxb2 14. Qe5
Qb4 15. a3 Qxa3 16. Nb1 Rxb1+ 17. Kxb1 Nd5 18. Bd2 Bd6 19. Qb2 Qa4 20. Qb3 Qxg4
21. Qb8+ Kd7 22. Qxh8 Qa4 23. Qb8 Bb4 24. Ne5+ Kd6 25. Nc4+ Kd7 26. Rxh7 Ke7 27.
Rxg7 Kf6 28. Rxf7+ Kxf7 29. Rh1 Nc3+ 30. Bxc3 Bxc3 31. Rh7+ Kg6 32. Qg8+ Kf5 33.
Rf7+ Bf6 34. g4+ Kf4 35. Rxf6# 1-0

[Event "Titled Tue 1st Jul Early"]
[Site "chess.com INT"]
[Date "2025.07.01"]
[Round "10"]
[White "Akhmedov, David"]
[Black "Yalcinkaya, Efe"]
[Result "1-0"]
[WhiteTitle "FM"]
[BlackTitle "CM"]
[WhiteElo "2447"]
[BlackElo "2225"]
[WhiteFideId "34220194"]
[BlackFideId "44506619"]
[EventDate "2025.07.01"]

1. d4 Nf6 2. c4 c5 3. d5 b5 4. cxb5 a6 5. e3 g6 6. Nc3 Bg7 7. Nf3 O-O 8. a4 e6
9. dxe6 fxe6 10. Be2 d5 11. O-O Qe7 12. Rb1 axb5 13. Bxb5 Bd7 14. b3 Qd6 15. Ba3
Ng4 16. Ne4 Qc7 17. Bxc5 dxe4 18. Bd6 Qb7 19. Bxf8 Bxf8 20. Ng5 Ne5 21. Qd4 Bg7
22. Qxe4 Qxe4 23. Nxe4 Bxb5 24. axb5 Nbd7 25. Rfd1 Nb6 26. Rd6 Nd5 27. Rxe6 Rb8
28. Nd6 Rb6 29. Re8+ Bf8 30. Rxe5 Rxd6 31. Rd1 Nc7 32. Rc1 Bg7 33. Rec5 Nd5 34.
Rd1 1-0

[Event "Titled Tue 1st Jul Early"]
[Site "chess.com INT"]
[Date "2025.07.01"]
[Round "10"]
[White "Vedant Rupeshbhai Varasada"]
[Black "Mora Munoz, Alejandro"]
[Result "1-0"]
[WhiteTitle "CM"]
[BlackTitle "FM"]
[WhiteElo "2044"]
[BlackElo "2147"]
[WhiteFideId "25156527"]
[BlackFideId "4469844"]
[EventDate "2025.07.01"]

1. e4 c5 2. Nf3 d6 3. d4 cxd4 4. Nxd4 Nf6 5. Nc3 a6 6. Bg5 Nbd7 7. Qe2 g6 8.
O-O-O Qc7 9. f4 e5 10. Nf3 Be7 11. fxe5 dxe5 12. Qc4 Qxc4 13. Bxc4 b5 14. Bd5
Ra7 15. Bc6 Rc7 16. Nxe5 h6 17. Bxf6 Bxf6 18. Bxd7+ Bxd7 19. Nxd7 Rxd7 20. Rxd7
Kxd7 21. Nd5 Be5 22. Rf1 Ke6 23. c3 Rc8 24. Nb4 a5 25. Nd3 Bxh2 26. Kc2 b4 27.
Rh1 Bd6 28. Rxh6 bxc3 29. bxc3 Bb4 30. Nxb4 axb4 31. Rh3 Rc4 32. Kb3 Rxe4 33.
cxb4 Re2 34. Rg3 Kf5 35. b5 g5 36. Rf3+ Ke6 37. g4 Re4 38. Rg3 Kd5 39. a4 Kc5
40. Rc3+ Kb6 41. Rc6+ Kb7 42. Rf6 Rxg4 43. Rxf7+ Kb6 44. Rf6+ Kb7 45. a5 Re4 46.
Rf7+ Kc8 47. b6 Re1 48. Kb4 Rb1+ 49. Kc5 Ra1 50. Kb5 Rb1+ 51. Ka6 g4 52. b7+ Kd8
53. Rf8+ Kc7 54. Rc8+ Kd7 55. b8=Q Rxb8 56. Rxb8 Ke6 57. Rg8 Kf7 58. Rxg4 1-0

[Event "Titled Tue 1st Jul Early"]
[Site "chess.com INT"]
[Date "2025.07.01"]
[Round "10"]
[White "Gajic, Mladen"]
[Black "Negrean, Andrei"]
[Result "0-1"]
[WhiteTitle "FM"]
[BlackTitle "FM"]
[WhiteElo "2246"]
[BlackElo "2352"]
[WhiteFideId "1709178"]
[BlackFideId "1291513"]
[EventDate "2025.07.01"]

1. e4 Nc6 2. Nf3 d5 3. exd5 Qxd5 4. Nc3 Qa5 5. d4 Bg4 6. d5 O-O-O 7. Bd2 Ne5 8.
Be2 Bxf3 9. Bxf3 Nxf3+ 10. Qxf3 Nf6 11. O-O-O Qa6 12. Kb1 e6 13. Bg5 Be7 14.
dxe6 fxe6 15. h3 h6 16. Be3 Rhe8 17. a3 Bf8 18. Ne4 Qc6 19. Nxf6 Qxf3 20. gxf3
gxf6 21. Rxd8+ Kxd8 22. Rg1 Ke7 23. Rd1 e5 24. f4 Ke6 25. fxe5 fxe5 26. c4 Be7
27. Rg1 Bg5 28. Bxg5 Rg8 29. h4 hxg5 30. hxg5 Kf5 31. Kc2 Rxg5 32. Rxg5+ Kxg5
33. Kd3 Kf4 34. c5 c6 35. b4 Kf3 36. a4 a6 37. a5 Kf4 38. Kc4 Ke4 0-1

[Event "Titled Tue 1st Jul Early"]
[Site "chess.com INT"]
[Date "2025.07.01"]
[Round "10"]
[White "Li, Hui"]
[Black "Babayeva, Nasrin"]
[Result "0-1"]
[WhiteTitle "CM"]
[BlackTitle "WFM"]
[WhiteElo "2065"]
[BlackElo "1936"]
[WhiteFideId "15400310"]
[BlackFideId "13416626"]
[EventDate "2025.07.01"]

1. e4 e5 2. Nf3 Nc6 3. Bb5 Nge7 4. O-O g6 5. c3 Bg7 6. d4 exd4 7. cxd4 d5 8.
exd5 Nxd5 9. Re1+ Be6 10. Bg5 Qd6 11. Nbd2 O-O 12. Ne4 Qb4 13. Bxc6 bxc6 14. Qc1
Rfe8 15. h3 Rab8 16. b3 Bf5 17. Nc5 Bxd4 18. Nxd4 Qxd4 19. Qa3 Nb4 20. Be3 Qh4
21. Qxa7 Nc2 22. Qxc7 Nxa1 23. Rxa1 Qf6 24. Rd1 Ra8 25. a4 Bc2 26. Rc1 Qb2 27.
Rf1 Bxb3 28. Nd7 Bxa4 29. Qd6 Re6 30. Qd3 Qg7 31. Bd4 Bb5 32. Qd2 Rd6 0-1

[Event "Titled Tue 1st Jul Early"]
[Site "chess.com INT"]
[Date "2025.07.01"]
[Round "10"]
[White "Pranesh, M"]
[Black "Nihal, Sarin"]
[Result "1-0"]
[WhiteTitle "GM"]
[BlackTitle "GM"]
[WhiteElo "2592"]
[BlackElo "2692"]
[WhiteFideId "35028600"]
[BlackFideId "25092340"]
[EventDate "2025.07.01"]

1. Nf3 d5 2. b3 Bf5 3. Bb2 e6 4. g3 h6 5. Bg2 Nf6 6. O-O Nbd7 7. d3 Be7 8. Nbd2
O-O 9. Re1 Bh7 10. e4 a5 11. a3 a4 12. b4 c5 13. b5 Qa5 14. c4 dxe4 15. dxe4
Rfd8 16. Qc2 Ne8 17. Bc3 Qc7 18. Qb2 Nb6 19. Rad1 Bf6 20. e5 Be7 21. Bf1 Rd7 22.
Qc1 Bg6 23. h3 Bf8 24. Ne4 Rad8 25. Rxd7 Qxd7 26. Qf4 Nc8 27. g4 b6 28. h4 Ne7
29. h5 Bh7 30. Kh2 Nc7 31. g5 Ned5 32. cxd5 exd5 33. Bh3 Ne6 34. Bxe6 Qxe6 35.
Ng3 d4 36. Bd2 Bd3 37. gxh6 gxh6 38. Rg1 Kh7 39. Ne4 Bxe4 40. Qxe4+ Kh8 41. Bg5
Be7 42. Bxe7 Qxe7 43. Qg4 Qf8 44. Qf4 Re8 45. Nh4 d3 46. Qf6+ Kh7 47. Nf5 Rxe5
48. Rg7+ 1-0

[Event "Titled Tue 1st Jul Early"]
[Site "chess.com INT"]
[Date "2025.07.01"]
[Round "10"]
[White "Starozhilov, Leonid"]
[Black "Reprintsev, Alexander"]
[Result "1-0"]
[WhiteTitle "FM"]
[BlackTitle "IM"]
[WhiteElo "2240"]
[BlackElo "2256"]
[WhiteFideId "14106752"]
[BlackFideId "14100541"]
[EventDate "2025.07.01"]

1. e4 e5 2. Nf3 Nc6 3. Nc3 Bb4 4. Nd5 Nf6 5. a3 Bc5 6. b4 Bb6 7. Bd3 d6 8. Nxb6
axb6 9. Bb2 Bg4 10. h3 Bh5 11. Qe2 Qd7 12. Bb5 O-O 13. g4 Bg6 14. d3 Qc8 15.
Bxc6 bxc6 16. Nh4 b5 17. Rg1 Nd7 18. Nf5 Qe8 19. h4 h6 20. h5 Bxf5 21. gxf5 Kh8
22. Rg3 c5 23. bxc5 Nxc5 24. f6 g5 25. hxg6 fxg6 26. O-O-O Rxf6 27. Rh1 Qf8 28.
Qe3 h5 29. d4 Nd7 30. dxe5 dxe5 31. Qg5 Raa6 32. f4 Rxf4 33. Rgh3 Rf1+ 34. Kd2
Rxh1 35. Rxh1 Qf2+ 36. Kc1 1-0

[Event "Titled Tue 1st Jul Early"]
[Site "chess.com INT"]
[Date "2025.07.01"]
[Round "10"]
[White "Erten, Kerem"]
[Black "Shogdzhiev, Roman"]
[Result "1/2-1/2"]
[WhiteTitle "FM"]
[BlackTitle "FM"]
[WhiteElo "2374"]
[BlackElo "2411"]
[WhiteFideId "34588221"]
[BlackFideId "55653537"]
[EventDate "2025.07.01"]

1. e4 c5 2. Nf3 d6 3. Bb5+ Nd7 4. O-O a6 5. Bd3 g6 6. Re1 Bg7 7. c3 Ne5 8. Bc2
Nxf3+ 9. Qxf3 Nf6 10. d4 O-O 11. e5 dxe5 12. dxe5 Nd7 13. e6 Ne5 14. exf7+ Rxf7
15. Qg3 Bf5 16. Bxf5 Rxf5 17. Be3 Nd3 18. Rd1 c4 19. Na3 b5 20. Nc2 Qe8 21. Nd4
Bxd4 22. Bxd4 e5 23. Be3 Nxb2 24. Rd6 Nd3 25. a4 b4 26. cxb4 Rc8 27. b5 axb5 28.
axb5 Qxb5 29. Rxg6+ Kh8 30. Rg7 Nf4 31. Bxf4 exf4 32. Rxh7+ Kxh7 33. Ra7+ Kh6
34. Qg7+ Kh5 35. Qh7+ Kg5 36. Qg7+ Kh5 37. Qh7+ Kg5 38. Qg7+ Kh5 1/2-1/2

[Event "Titled Tue 1st Jul Early"]
[Site "chess.com INT"]
[Date "2025.07.01"]
[Round "10"]
[White "Gutman, Gennadi"]
[Black "Alazmi, Amani"]
[Result "1-0"]
[WhiteTitle "GM"]
[BlackTitle "WCM"]
[WhiteElo "2445"]
[BlackElo "1733"]
[WhiteFideId "14102277"]
[BlackFideId "10303553"]
[EventDate "2025.07.01"]

1. e4 e5 2. Nf3 Nc6 3. Nc3 Nf6 4. d4 exd4 5. Nxd4 Nxd4 6. Qxd4 d6 7. Bc4 Be7 8.
Bg5 O-O 9. O-O-O c5 10. Qe3 h6 11. Bxf6 Bxf6 12. Nd5 Bd4 13. Qg3 Be6 14. c3 Bxd5
15. Bxd5 Be5 16. Qg4 Qa5 17. f4 Bf6 18. Qf5 Rab8 19. g4 b5 20. g5 hxg5 21. fxg5
Be5 22. g6 Bf6 23. gxf7+ Rxf7 24. Rhg1 Qd8 25. Qg6 Rb7 26. Rdf1 Kf8 27. Bxb7
Rxb7 28. Qg2 Rf7 29. h4 b4 30. cxb4 cxb4 31. Kb1 a5 32. h5 a4 33. h6 gxh6 34.
Qg8+ Ke7 35. Qxd8+ Kxd8 36. Rg6 Ke7 37. Rxh6 a3 38. bxa3 bxa3 39. Kc2 Ke6 40.
Kd3 Rc7 41. Rfxf6+ Ke5 42. Rf5# 1-0

[Event "Titled Tue 1st Jul Early"]
[Site "chess.com INT"]
[Date "2025.07.01"]
[Round "10"]
[White "Romany, Joy"]
[Black "Moghaddamian, Afshin"]
[Result "0-1"]
[WhiteTitle "WIM"]
[BlackTitle "CM"]
[WhiteElo "1960"]
[BlackElo "2126"]
[WhiteFideId "10656820"]
[BlackFideId "12503886"]
[EventDate "2025.07.01"]

1. d4 Nf6 2. c4 g6 3. Nc3 d5 4. cxd5 Nxd5 5. Bd2 Bg7 6. e4 Nxc3 7. Bxc3 O-O 8.
Nf3 c5 9. dxc5 Bxc3+ 10. bxc3 Qa5 11. Qc2 Qxc5 12. Be2 Bg4 13. O-O Nc6 14. Qb3
Na5 15. Qb4 Rac8 16. Rac1 b6 17. h3 Bxf3 18. Bxf3 Nc4 19. Rfd1 Qg5 20. Bg4 Rc7
21. Be2 Rfc8 22. Bg4 e6 23. Rc2 Qf4 24. Bf3 Ne5 25. Be2 Nc4 26. Bf3 a5 27. Qa4
b5 28. Qb3 Ne5 29. Be2 b4 30. c4 Qxe4 31. f3 Qf4 32. c5 Rxc5 33. Rxc5 Rxc5 34.
Rd8+ Kg7 35. Qb2 Qe3+ 36. Kh2 Rc3 37. Bb5 Qf4+ 38. g3 Nxf3+ 39. Kg2 Ne1+ 40. Kg1
Qxg3+ 41. Kf1 Nf3 0-1

[Event "Titled Tue 1st Jul Early"]
[Site "chess.com INT"]
[Date "2025.07.01"]
[Round "10"]
[White "Bruhovich, Olexandr"]
[Black "Begunov, Konstantin"]
[Result "0-1"]
[WhiteTitle "CM"]
[BlackTitle "FM"]
[WhiteElo "2208"]
[BlackElo "2325"]
[WhiteFideId "14119919"]
[BlackFideId "4118510"]
[EventDate "2025.07.01"]

1. e4 g6 2. Nc3 Bg7 3. d4 c6 4. Nf3 d5 5. exd5 cxd5 6. Bb5+ Bd7 7. O-O Bxb5 8.
Nxb5 a6 9. Nc3 Nc6 10. a4 e6 11. Ne2 Nge7 12. Bg5 O-O 13. Bxe7 Qxe7 14. Qd2 Qc7
15. a5 Bf6 16. Rfb1 Rac8 17. b4 Na7 18. c3 Nb5 19. Rb3 Qc4 20. Rab1 Nd6 21. Ng3
Rc7 22. Ne1 Bh4 23. Nf3 Bxg3 24. hxg3 Ne4 25. Qf4 Nxc3 26. Rxc3 Qxc3 27. g4 Qc2
28. Re1 Rc4 29. g5 Qf5 30. Qg3 Rfc8 31. Re3 Rc3 32. Ne5 Rxe3 33. fxe3 Rc1+ 34.
Kh2 Qf1 35. Qg4 Qg1+ 36. Kh3 Qxe3+ 37. Nf3 Rc3 38. Qg3 Kg7 39. Kh2 h6 40. Qb8
hxg5 41. Qxb7 Qf4+ 42. Kg1 g4 43. Ne5 Rc1# 0-1

[Event "Titled Tue 1st Jul Early"]
[Site "chess.com INT"]
[Date "2025.07.01"]
[Round "10"]
[White "Ruiz Aguilar, Pablo Alexander"]
[Black "Brancaleoni, Maurizio"]
[Result "0-1"]
[WhiteTitle "FM"]
[BlackTitle "FM"]
[WhiteElo "2141"]
[BlackElo "2185"]
[WhiteFideId "4401352"]
[BlackFideId "803022"]
[EventDate "2025.07.01"]

1. e4 c6 2. d4 d5 3. exd5 cxd5 4. c4 Nf6 5. Nc3 Nc6 6. Bg5 dxc4 7. d5 Ne5 8. Bf4
Ng6 9. Bg3 e5 10. Bxc4 Bd6 11. Nge2 O-O 12. O-O Nh5 13. Ne4 Bf5 14. Nxd6 Qxd6
15. Nc3 Nxg3 16. hxg3 a6 17. Bb3 Rac8 18. Qd2 Rfd8 19. Rad1 b5 20. Rfe1 h6 21.
Ne4 Bxe4 22. Rxe4 Rc5 23. Ree1 Rdc8 24. Qa5 Nf8 25. Re2 Nd7 26. Rde1 f6 27. f4
Rc1 28. fxe5 Nxe5 29. Rxe5 fxe5 30. Rxc1 Rxc1+ 31. Kh2 Kh7 32. Qd2 Rf1 33. Qe2
Rf6 34. Qg4 h5 35. Qe4+ Kg8 36. Bd1 Rh6 37. Bf3 h4 38. g4 Qf6 39. Kh1 Qf4 40.
Qxf4 exf4 41. g5 Rd6 42. Bg4 Kf7 43. Be6+ Rxe6 44. dxe6+ Kxe6 45. Kh2 Kf5 46.
Kh3 Kxg5 47. b4 Kh5 0-1

[Event "Titled Tue 1st Jul Early"]
[Site "chess.com INT"]
[Date "2025.07.01"]
[Round "10"]
[White "Jakovljevic, Dejan"]
[Black "Silva, Mariana"]
[Result "1-0"]
[WhiteTitle "CM"]
[BlackTitle "WFM"]
[WhiteElo "1956"]
[BlackElo "2039"]
[WhiteFideId "949418"]
[BlackFideId "1911899"]
[EventDate "2025.07.01"]

1. e4 c6 2. d4 d5 3. exd5 cxd5 4. c4 Nf6 5. Nc3 Nc6 6. c5 Bf5 7. Qb3 Qd7 8. Nf3
e6 9. Bb5 Be7 10. Ne5 Qc8 11. Qa4 O-O 12. Bxc6 bxc6 13. Qxc6 Qb8 14. O-O Rc8 15.
Qa4 Ne4 16. Nxe4 Bxe4 17. b4 Qc7 18. Bf4 Bf6 19. Qb3 a5 20. b5 a4 21. Qg3 Qa5
22. b6 Ra6 23. b7 Re8 24. Rad1 Ra7 25. Nd7 Bxd4 26. Rxd4 Rxb7 27. Nf6+ Kf8 28.
Nxe8 Kxe8 29. Qxg7 Qxc5 30. Rc1 Qb6 31. Rc8+ Kd7 32. Rc1 Qb2 33. Qxf7+ Kd8 34.
Qf8+ Kd7 35. Qd6+ Ke8 36. Rc8+ Kf7 37. Qf8+ Kg6 38. Qg8+ Kf5 39. Qg5# 1-0